[Event "GER-chT U20"]
[Site "Osnabrueck"]
[Date "2015.12.30"]
[Round "7.3"]
[White "Kostre, Margarita"]
[Black "Medvedovski, Michael"]
[Result "0-1"]
[WhiteElo "1784"]
[BlackElo "1980"]
[PlyCount "46"]
[EventDate "2015.12.27"]
[EventType "team-swiss"]
[EventRounds "7"]
[EventCountry "GER"]
[SourceTitle "EXT 2017"]
[Source "ChessBase"]
[SourceDate "2016.10.25"]
[SourceVersion "1"]
[SourceVersionDate "2016.10.25"]
[SourceQuality "1"]
[WhiteTeam "Spandau Zitadelle"]
[BlackTeam "Frankfurt"]
[WhiteTeamCountry "GER"]
[BlackTeamCountry "GER"]

1. e4 c5 2. Nf3 Nc6 3. d4 cxd4 4. Nxd4 e5 5. Nb3 Nf6 6. Bg5 h6 7. Bxf6 Qxf6 8. Bc4 Qg6 9. Qf3 Bb4+ 10. c3 Be7 11. h3 d6 12. Na3 0-0 13. 0-0-0 Be6 14. Bd5 Bxd5 15. Rxd5 f5 16. exf5 Rxf5 17. Qg3 Rg5 18. Qd3 Qxd3 19. Rxd3 Rxg2 20. Nb5 Rf8 21. Rf1 e4 22. Rdd1 Ne5 23. Nd2 Nd3+ 0-1

[Event "GER-chT U20"]
[Site "Osnabrueck"]
[Date "2015.12.28"]
[Round "3.3"]
[White "Kostre, Margarita"]
[Black "Heinke, Jasper"]
[Result "1-0"]
[WhiteElo "1784"]
[BlackElo "1806"]
[PlyCount "117"]
[EventDate "2015.12.27"]
[EventType "team-swiss"]
[EventRounds "7"]
[EventCountry "GER"]
[SourceTitle "EXT 2017"]
[Source "ChessBase"]
[SourceDate "2016.10.25"]
[SourceVersion "1"]
[SourceVersionDate "2016.10.25"]
[SourceQuality "1"]
[WhiteTeam "Spandau Zitadelle"]
[BlackTeam "Erfurt Empor"]
[WhiteTeamCountry "GER"]
[BlackTeamCountry "GER"]

1. e4 e6 2. d4 d5 3. Nc3 Nf6 4. e5 Nfd7 5. f4 c5 6. Nf3 Nc6 7. Be3 Be7 8. Be2 0-0 9. 0-0 a6 10. dxc5 Bxc5 11. Bxc5 Nxc5 12. Nd4 Bd7 13. Bf3 Rc8 14. Kh1 b5 15. a3 Qb6 16. Nce2 Na4 17. Rb1 Na5 18. Qe1 Nc6 19. Qd1 a5 20. Nxc6 Rxc6 21. Nd4 Rc4 22. c3 Rfc8 23. f5 b4 24. f6 Qc7 25. Be2 Qxe5 26. Bxc4 Rxc4 27. fxg7 bxc3 28. Qf3 Qxg7 29. bxc3 Rxc3 30. Rb8+ Rc8 31. Rxc8+ Bxc8 32. Nc6 Bd7 33. Ne5 Be8 34. Ng4 f5 35. Ne3 Nc3 36. g4 d4 37. gxf5 Qc7 38. Qg4+ Kh8 39. Qxd4+ e5 40. Qg4 Bc6+ 41. Ng2 Qg7 42. Qxg7+ Kxg7 43. Rc1 Bxg2+ 44. Kxg2 Nb5 45. Rc5 Nxa3 46. Rxe5 Nc4 47. Rc5 Nd6 48. Rxa5 Kf6 49. Ra6 Ke5 50. f6 Nf7 51. Kg3 Kf5 52. Kh4 Kg6 53. Kg4 Ne5+ 54. Kf4 Nf7 55. h4 h6 56. Rb6 h5 57. Ra6 Nh6 58. f7+ Kxf7 59. Rxh6 1-0

[Event "GER-chT U20"]
[Site "Osnabrueck"]
[Date "2015.12.28"]
[Round "4.3"]
[White "Leeb, Simon"]
[Black "Kostre, Margarita"]
[Result "0-1"]
[WhiteElo "2065"]
[BlackElo "1784"]
[PlyCount "65"]
[EventDate "2015.12.27"]
[EventType "team-swiss"]
[EventRounds "7"]
[EventCountry "GER"]
[SourceTitle "EXT 2017"]
[Source "ChessBase"]
[SourceDate "2016.10.25"]
[SourceVersion "1"]
[SourceVersionDate "2016.10.25"]
[SourceQuality "1"]
[WhiteTeam "Muenchen Suedost"]
[BlackTeam "Spandau Zitadelle"]
[WhiteTeamCountry "GER"]
[BlackTeamCountry "GER"]

1. d4 Nf6 2. c4 g6 3. Nc3 Bg7 4. e4 d6 5. Be2 0-0 6. Bg5 c5 7. d5 b5 8. cxb5 a6 9. f3 axb5 10. Bxb5 Ba6 11. Bxa6 Nxa6 12. Nge2 Qb6 13. Qd2 Rfb8 14. Rb1 c4 15. Be3 Nc5 16. 0-0 Nfd7 17. h3 Ne5 18. Nc1 Qa5 19. Bd4 Na4 20. b4 Rxb4 21. Rxb4 Qxb4 22. Qc2 Nxf3+ 23. Kh1 Nxd4 24. Qf2 Nxc3 25. Qxf7+ Kh8 26. Qxe7 Nce2 27. Nxe2 Nxe2 28. Qh4 Qc3 29. Rd1 Ng3+ 30. Kg1 Qe3+ 31. Kh2 Be5 32. Qg4 Nxe4+ 33. Kh1 0-1

[Event "GER-ch U18 Girls"]
[Site "Oberhof"]
[Date "2013.05.25"]
[Round "9"]
[White "Kostre, Margarita"]
[Black "Lehmann, Patricia"]
[Result "1/2-1/2"]
[WhiteElo "1723"]
[BlackElo "1637"]
[PlyCount "83"]
[EventDate "2013.05.19"]
[EventType "swiss"]
[EventRounds "9"]
[EventCountry "GER"]
[SourceTitle "CBM 154 Extra"]
[Source "ChessBase"]
[SourceDate "2013.06.25"]
[SourceVersion "2"]
[SourceVersionDate "2013.06.25"]
[SourceQuality "1"]

1. e4 c5 2. Nf3 d6 3. d4 cxd4 4. Qxd4 Nc6 5. Bb5 Bd7 6. Bxc6 Bxc6 7. Nc3 Nf6 8. Bg5 e5 9. Qd3 h6 10. Bh4 Be7 11. 0-0-0 g5 12. Bg3 Qa5 13. Qc4 Nd7 14. h4 Nb6 15. Qb3 g4 16. Nd2 Rc8 17. f3 Bd7 18. Bf2 Be6 19. Bxb6 Qxb6 20. Qxb6 axb6 21. Nd5 gxf3 22. gxf3 Bxd5 23. exd5 Kd7 24. f4 f6 25. f5 Rc5 26. Ne4 Rc4 27. Ng3 Rg8 28. Nf1 Rf4 29. Ne3 Rf3 30. Kd2 Rgg3 31. Rde1 Rh3 32. Rxh3 Rxh3 33. Nf1 Rf3 34. Ne3 Rh3 35. Rg1 Rxh4 36. Rg7 Ke8 37. Rg8+ Kf7 38. Rb8 h5 39. Rxb7 Rf4 40. Rb8 Kg7 41. Rb7 Kf7 42. Rxb6 1/2-1/2

[Event "GER-ch U18 Girls"]
[Site "Oberhof"]
[Date "2013.05.19"]
[Round "1"]
[White "Tran, My Linh"]
[Black "Kostre, Margarita"]
[Result "1-0"]
[WhiteElo "2085"]
[BlackElo "1723"]
[PlyCount "55"]
[EventDate "2013.05.19"]
[EventType "swiss"]
[EventRounds "9"]
[EventCountry "GER"]
[SourceTitle "CBM 154 Extra"]
[Source "ChessBase"]
[SourceDate "2013.06.25"]
[SourceVersion "2"]
[SourceVersionDate "2013.06.25"]
[SourceQuality "1"]

1. e4 e5 2. Nf3 Nc6 3. Bc4 Nf6 4. Nc3 Nxe4 5. Nxe4 d5 6. Bd3 Nb4 7. Ng3 e4 8. Bxe4 dxe4 9. Nxe4 Bf5 10. d3 Bxe4 11. dxe4 Qxd1+ 12. Kxd1 0-0-0+ 13. Nd2 Bc5 14. f3 Rd7 15. a3 Nc6 16. c3 Ne5 17. Kc2 Rhd8 18. Nb3 Bb6 19. a4 a6 20. Bf4 Nd3 21. Bd2 c5 22. Be3 Rc7 23. Rhd1 Nb4+ 24. Kc1 Rxd1+ 25. Kxd1 Rd7+ 26. Kc1 Rc7 27. cxb4 cxb4+ 28. Kd2 1-0

[Event "Norderstedt op"]
[Site "Norderstedt"]
[Date "2013.04.01"]
[Round "8"]
[White "Kostre, Margarita"]
[Black "Schumann, Rabea"]
[Result "1/2-1/2"]
[WhiteElo "1736"]
[BlackElo "1400"]
[PlyCount "51"]
[EventDate "2013.03.28"]
[EventType "swiss"]
[EventRounds "9"]
[EventCountry "GER"]
[SourceTitle "EXT 2015"]
[Source "ChessBase"]
[SourceDate "2014.11.20"]
[SourceVersion "1"]
[SourceVersionDate "2014.11.20"]
[SourceQuality "1"]

1. e4 c5 2. Nf3 Nc6 3. d4 cxd4 4. Nxd4 g6 5. c4 Bg7 6. Be3 d6 7. Nc3 Nf6 8. Be2 0-0 9. 0-0 Nxd4 10. Bxd4 Bd7 11. f3 Bc6 12. Re1 a5 13. Bf1 Nd7 14. Be3 a4 15. Rc1 Qa5 16. Qd2 Nc5 17. Red1 Rfe8 18. Nd5 Qxd2 19. Rxd2 Bxd5 20. cxd5 b6 21. Bb5 Reb8 22. Rc4 Ra5 23. Bxc5 bxc5 24. Bxa4 Rxb2 25. Rxb2 Bxb2 26. Bb3 1/2-1/2

[Event "Norderstedt op"]
[Site "Norderstedt"]
[Date "2013.04.01"]
[Round "9"]
[White "Pfreundt, Mathis"]
[Black "Kostre, Margarita"]
[Result "0-1"]
[WhiteElo "1299"]
[BlackElo "1736"]
[PlyCount "86"]
[EventDate "2013.03.28"]
[EventType "swiss"]
[EventRounds "9"]
[EventCountry "GER"]
[SourceTitle "EXT 2015"]
[Source "ChessBase"]
[SourceDate "2014.11.20"]
[SourceVersion "1"]
[SourceVersionDate "2014.11.20"]
[SourceQuality "1"]

1. e4 e5 2. d4 exd4 3. Qxd4 Nc6 4. Qe3 b6 5. Nc3 Bc5 6. Qg3 Nf6 7. Qxg7 Rg8 8. Qh6 Bxf2+ 9. Kd1 Bb7 10. Bf4 d6 11. Bd3 Ne5 12. Bxe5 dxe5 13. Ke2 Bd4 14. h3 Rxg2+ 15. Kf1 Rg6 16. Qh4 Qd7 17. Rb1 0-0-0 18. Nb5 Kb8 19. Nf3 Qe6 20. b3 Be3 21. Bc4 Qe8 22. Nc3 Bf4 23. Rg1 Nxe4 24. Nxe4 Bxe4 25. Bxf7 Rxg1+ 26. Kxg1 Qf8 27. Nxe5 Bxe5 28. Qxe4 Bd4+ 29. Kh1 Qxf7 30. Rd1 Re8 31. Qg2 Bc5 32. Rf1 Qg6 33. Qd5 Qe4+ 34. Qxe4 Rxe4 35. Rf7 Re2 36. Rxh7 Rxc2 37. h4 Rxa2 38. h5 Rb2 39. h6 Rxb3 40. Kg2 Bd6 41. Rh8+ Kb7 42. Rg8 Rb2+ 43. Kf3 Rh2 0-1

[Event "Norderstedt op"]
[Site "Norderstedt"]
[Date "2013.03.31"]
[Round "7"]
[White "Arndt, Uwe"]
[Black "Kostre, Margarita"]
[Result "1-0"]
[WhiteElo "1993"]
[BlackElo "1736"]
[PlyCount "79"]
[EventDate "2013.03.28"]
[EventType "swiss"]
[EventRounds "9"]
[EventCountry "GER"]
[SourceTitle "EXT 2015"]
[Source "ChessBase"]
[SourceDate "2014.11.20"]
[SourceVersion "1"]
[SourceVersionDate "2014.11.20"]
[SourceQuality "1"]

1. d4 Nf6 2. c4 g6 3. f3 Bg7 4. e4 d6 5. Nc3 0-0 6. Be3 b6 7. Nge2 c5 8. dxc5 dxc5 9. Qc2 Ba6 10. Rd1 Qc8 11. Nd5 Nc6 12. Nec3 e6 13. Nf4 Nd4 14. Qc1 Nd7 15. Bd3 Ne5 16. b3 Rd8 17. Bb1 Rd7 18. 0-0 Qc6 19. Nd3 Nxd3 20. Rxd3 Rad8 21. Rfd1 b5 22. cxb5 Bxb5 23. R3d2 Be2 24. Re1 Bxf3 25. Rf2 Bh5 26. h3 f5 27. Bg5 Rc8 28. e5 c4 29. b4 Bf8 30. a3 Nb3 31. Qf4 Rd4 32. Ne4 Bg7 33. g4 Rf8 34. gxh5 fxe4 35. Bf6 e3 36. Qxe3 Qd7 37. hxg6 hxg6 38. Bxg6 Rd5 39. Be4 Bxf6 40. Bxd5 1-0

[Event "Norderstedt op"]
[Site "Norderstedt"]
[Date "2013.03.30"]
[Round "5"]
[White "Weber, Max"]
[Black "Kostre, Margarita"]
[Result "1-0"]
[WhiteElo "2111"]
[BlackElo "1736"]
[PlyCount "79"]
[EventDate "2013.03.28"]
[EventType "swiss"]
[EventRounds "9"]
[EventCountry "GER"]
[SourceTitle "EXT 2015"]
[Source "ChessBase"]
[SourceDate "2014.11.20"]
[SourceVersion "1"]
[SourceVersionDate "2014.11.20"]
[SourceQuality "1"]

1. c4 Nf6 2. g3 g6 3. Bg2 Bg7 4. Nc3 0-0 5. Nf3 d6 6. 0-0 e5 7. d4 Nc6 8. d5 Ne7 9. e4 Nh5 10. Ne1 a5 11. Nd3 f5 12. exf5 Nxf5 13. Ne4 Nd4 14. Be3 Nf6 15. Nxf6+ Bxf6 16. f4 e4 17. Nf2 Nf5 18. Re1 Nxe3 19. Rxe3 Bxb2 20. Rb1 Bg7 21. Nxe4 Re8 22. Qd2 h6 23. Rbe1 Bd7 24. c5 Bb5 25. c6 bxc6 26. Nf6+ Qxf6 27. Rxe8+ Rxe8 28. Rxe8+ Kh7 29. dxc6 Qf7 30. Re1 Qc4 31. Rc1 Qa4 32. h4 Bd4+ 33. Kh2 Bc5 34. Qd5 Kg7 35. Re1 Bc4 36. Re7+ Kf8 37. Qe4 d5 38. Re8+ Kg7 39. Qe5+ Kf7 40. Qe6+ 1-0

[Event "GER-ch U18 Girls"]
[Site "Oberhof"]
[Date "2012.05.30"]
[Round "6"]
[White "Mehling, Franziska"]
[Black "Kostre, Margarita"]
[Result "1/2-1/2"]
[WhiteElo "1691"]
[BlackElo "1699"]
[PlyCount "100"]
[EventDate "2012.05.27"]
[EventType "swiss"]
[EventRounds "9"]
[EventCountry "GER"]
[SourceTitle "CBM 148 Extra"]
[Source "ChessBase"]
[SourceDate "2012.06.22"]
[SourceVersion "1"]
[SourceVersionDate "2012.06.22"]
[SourceQuality "1"]

1. d4 Nf6 2. c4 c5 3. d5 b5 4. cxb5 a6 5. b6 g6 6. Nc3 Qxb6 7. e4 d6 8. Nf3 Bg7 9. a4 0-0 10. a5 Qc7 11. Bc4 Bg4 12. h3 Bxf3 13. Qxf3 Nfd7 14. 0-0 Ne5 15. Qe2 Nxc4 16. Qxc4 Nd7 17. f4 Rfb8 18. Ra4 Qa7 19. Kh1 Rb7 20. Re1 Rab8 21. Re2 Rb3 22. Qd3 Kf8 23. Ra2 R8b4 24. Be3 Nf6 25. Bf2 Qb7 26. Qc2 Nh5 27. g3 Bd4 28. Kg2 Rc4 29. Qd3 Qb4 30. Rc2 Bxc3 31. bxc3 Rbxc3 32. Rxc3 Rxc3 33. Qe2 Nf6 34. e5 Nxd5 35. exd6 exd6 36. Qxa6 Qe4+ 37. Kh2 Rc1 38. Bg1 Ne3 39. Qxd6+ Kg8 40. Qb8+ Kg7 41. Qe5+ Qxe5 42. fxe5 Nf1+ 43. Kg2 Nxg3 44. Bxc5 Rxc5 45. Kxg3 Rxe5 46. a6 Re8 47. a7 Ra8 48. Kf4 Kf6 49. Ra6+ Ke7 50. Kg5 h5 1/2-1/2

[Event "Berlin-ch qualification"]
[Site "Berlin-Lichtenrade"]
[Date "2012.04.11"]
[Round "6.14"]
[White "Kostre, Margarita"]
[Black "Fecke, Simon"]
[Result "0-1"]
[WhiteElo "1789"]
[BlackElo "1138"]
[PlyCount "64"]
[EventDate "2012.04.08"]
[EventType "swiss"]
[EventRounds "9"]
[EventCountry "GER"]
[SourceTitle "EXT 2022"]
[Source "ChessBase"]
[SourceDate "2021.10.06"]
[SourceVersion "1"]
[SourceVersionDate "2021.10.06"]
[SourceQuality "1"]

1. e4 c5 2. Nf3 g6 3. c4 d6 4. d4 cxd4 5. Nxd4 Nf6 6. Nc3 Nc6 7. Be2 Bg7 8. Be3 0-0 9. 0-0 Nd7 10. Nb3 Na5 11. Qc2 Ne5 12. Nxa5 Qxa5 13. Nd5 Nc6 14. a3 Qd8 15. Rad1 Be6 16. Nf4 Qc8 17. Nxe6 Qxe6 18. f4 f5 19. Bf3 Qf6 20. Rd2 e5 21. Rfd1 Rad8 22. exf5 Bh6 23. fxg6 hxg6 24. Bxc6 bxc6 25. Bxa7 Bxf4 26. Rd3 Qf5 27. Qa4 Ra8 28. Rf3 Rxa7 29. Qxa7 c5 30. Qa4 e4 31. Rc3 Be3+ 32. Rxe3 Qf2+ 0-1

[Event "Berlin-ch qualification"]
[Site "Berlin-Lichtenrade"]
[Date "2012.04.09"]
[Round "3.13"]
[White "Weiss, Daniel"]
[Black "Kostre, Margarita"]
[Result "1-0"]
[WhiteElo "1459"]
[BlackElo "1789"]
[PlyCount "69"]
[EventDate "2012.04.08"]
[EventType "swiss"]
[EventRounds "9"]
[EventCountry "GER"]
[SourceTitle "EXT 2022"]
[Source "ChessBase"]
[SourceDate "2021.10.06"]
[SourceVersion "1"]
[SourceVersionDate "2021.10.06"]
[SourceQuality "1"]

1. d4 Nf6 2. Nf3 g6 3. g3 Bg7 4. Bg2 0-0 5. 0-0 d6 6. c4 Nc6 7. Nc3 e5 8. e4 exd4 9. Nxd4 Nxd4 10. Qxd4 Ng4 11. Qd3 Ne5 12. Qe2 Be6 13. b3 Nxc4 14. bxc4 Bxc3 15. Rb1 Rb8 16. Qd3 Bg7 17. f4 f5 18. exf5 Bxf5 19. Qd5+ Kh8 20. Rxb7 Rxb7 21. Qxb7 Bd4+ 22. Kh1 Qf6 23. Rd1 Re8 24. Qd5 c5 25. Bf3 Qe7 26. Kg2 Be6 27. Qe4 Bxc4 28. Rxd4 Be6 29. Ra4 Qd7 30. Bb2+ Kg8 31. Qc6 Bh3+ 32. Kf2 Qf7 33. Bd5 Be6 34. Re4 Kf8 35. Qxd6+ 1-0

[Event "GER-ch U16 Girls"]
[Site "Oberhof"]
[Date "2011.06.18"]
[Round "9"]
[White "Kostre, Margarita"]
[Black "Freis, Katrin"]
[Result "0-1"]
[WhiteElo "1821"]
[BlackElo "1379"]
[PlyCount "82"]
[EventDate "2011.06.11"]
[EventType "swiss"]
[EventRounds "9"]
[EventCountry "GER"]
[SourceTitle "CBM 142 Extra"]
[Source "ChessBase"]
[SourceDate "2011.06.27"]
[SourceVersion "1"]
[SourceVersionDate "2011.06.27"]
[SourceQuality "1"]

1. e4 e5 2. Nf3 Nc6 3. Bb5 Nd4 4. Nxd4 exd4 5. 0-0 Bc5 6. d3 c6 7. Ba4 d6 8. f4 f5 9. Bb3 Ne7 10. Nd2 Kd7 11. Nf3 Kc7 12. e5 d5 13. Ng5 Qe8 14. e6 h6 15. Nf7 Rg8 16. Qe2 Ng6 17. Re1 Bb4 18. Bd2 Bxd2 19. Qxd2 Bxe6 20. Ne5 Nxe5 21. Rxe5 Qg6 22. Rae1 Rae8 23. Qb4 Bd7 24. Qxd4 b6 25. c4 dxc4 26. Bxc4 Rgf8 27. Re7 Qd6 28. Qxg7 Rxe7 29. Rxe7 Rd8 30. Re6 Qxf4 31. Qxh6 Qd4+ 32. Kf1 Bxe6 33. Qxe6 Qxb2 34. Qxf5 Qa1+ 35. Kf2 Qd4+ 36. Kf3 b5 37. Qf7+ Rd7 38. Qf5 bxc4 39. Qa5+ Qb6 40. Qe5+ Kb7 41. Qe8 Rxd3+ 0-1

[Event "GER-chT Schools WK II"]
[Site "Verden an der Aller"]
[Date "2011.05.14"]
[Round "1.2"]
[White "Polakowski, Lukas Raphael"]
[Black "Kostre, Margarita"]
[Result "0-1"]
[WhiteElo "1587"]
[BlackElo "1821"]
[PlyCount "58"]
[EventDate "2011.05.14"]
[EventType "team-swiss"]
[EventRounds "7"]
[EventCountry "GER"]
[SourceTitle "EXT 2022"]
[Source "ChessBase"]
[SourceDate "2021.10.06"]
[SourceVersion "1"]
[SourceVersionDate "2021.10.06"]
[SourceQuality "1"]
[WhiteTeam "Oranienburg Louise Henriette Gym U17"]
[BlackTeam "Herder Gymn U17"]
[WhiteTeamCountry "GER"]
[BlackTeamCountry "GER"]

1. d4 Nf6 2. c4 c5 3. dxc5 e6 4. Nc3 Bxc5 5. Nf3 d5 6. cxd5 exd5 7. Bg5 Be6 8. e4 Qb6 9. Bb5+ Nbd7 10. 0-0 Nxe4 11. Bxd7+ Bxd7 12. Bh4 Nxc3 13. bxc3 Be6 14. Rb1 Qa5 15. Qb3 0-0 16. Nd4 Bxd4 17. cxd4 b6 18. Rfe1 Rac8 19. Rbc1 Rc4 20. Qb2 Rfc8 21. Bg5 Rc2 22. Qb1 Bf5 23. Rxc2 Bxc2 24. Qc1 h6 25. Bd2 Qxa2 26. Re2 Bf5 27. Qe1 Qa4 28. Be3 b5 29. h3 b4 0-1

[Event "Potsdam Christmas 35th"]
[Site "Potsdam"]
[Date "2010.12.30"]
[Round "7.22"]
[White "Kostre, Margarita"]
[Black "Koenig, Frank"]
[Result "1/2-1/2"]
[WhiteElo "1805"]
[BlackElo "1985"]
[PlyCount "71"]
[EventDate "2010.12.27"]
[EventType "swiss"]
[EventRounds "7"]
[EventCountry "GER"]
[SourceTitle "EXT 2022"]
[Source "ChessBase"]
[SourceDate "2021.10.06"]
[SourceVersion "1"]
[SourceVersionDate "2021.10.06"]
[SourceQuality "1"]

1. e4 c5 2. Nf3 g6 3. c4 Bg7 4. d4 cxd4 5. Nxd4 Nc6 6. Be3 Nf6 7. Nc3 0-0 8. Be2 d6 9. 0-0 Bd7 10. f3 Nxd4 11. Bxd4 Bc6 12. Re1 Nd7 13. Be3 a5 14. Bf1 Nc5 15. Qe2 a4 16. a3 Ne6 17. Qf2 Qa5 18. Nd5 Bxd5 19. exd5 Nc5 20. Rab1 Rfc8 21. Kh1 Nd7 22. b4 axb3 23. Rxb3 Rc7 24. Reb1 Nc5 25. Bxc5 dxc5 26. Rxb7 Bd4 27. Qe2 Ra7 28. R7b3 Qa6 29. Qe4 Qf6 30. f4 Qh4 31. g3 Qg4 32. Bd3 h5 33. Be2 Qd7 34. Rb8+ Kg7 35. R8b3 Ra4 36. Kg2 1/2-1/2

[Event "Potsdam Christmas 35th"]
[Site "Potsdam"]
[Date "2010.12.27"]
[Round "1.2"]
[White "Kostre, Margarita"]
[Black "Von Herman, Ulf"]
[Result "0-1"]
[WhiteElo "1805"]
[BlackElo "2404"]
[PlyCount "114"]
[EventDate "2010.12.27"]
[EventType "swiss"]
[EventRounds "7"]
[EventCountry "GER"]
[SourceTitle "EXT 2022"]
[Source "ChessBase"]
[SourceDate "2021.10.06"]
[SourceVersion "1"]
[SourceVersionDate "2021.10.06"]
[SourceQuality "1"]

1. e4 c5 2. Nf3 Nc6 3. Nc3 Nf6 4. Bc4 e6 5. d4 cxd4 6. Nxd4 Bb4 7. Nxc6 bxc6 8. Bd3 d5 9. exd5 cxd5 10. 0-0 0-0 11. Bg5 h6 12. Bh4 Rb8 13. Qf3 Bd6 14. Nb5 Be5 15. Qe2 Bxb2 16. Rab1 a6 17. Rxb2 axb5 18. Bxb5 Bd7 19. Rfb1 Bxb5 20. Rxb5 Rxb5 21. Qxb5 g5 22. Bg3 Qd7 23. Qxd7 Nxd7 24. Rb7 Nc5 25. Rb8 Rxb8 26. Bxb8 f6 27. Ba7 Na4 28. g4 e5 29. Kf1 Kf7 30. a3 Ke6 31. h4 d4 32. hxg5 hxg5 33. Ke2 Nc3+ 34. Kd3 Kd5 35. Bb6 e4+ 36. Kd2 Nb1+ 37. Kd1 Nxa3 38. Bd8 Ke6 39. Bc7 Nb5 40. Bb8 Nd6 41. Ke2 Nc4 42. Bc7 Ne5 43. Bb6 Kd5 44. Bd8 Nxg4 45. f3 exf3+ 46. Kxf3 Ne5+ 47. Ke2 Ke6 48. Kd2 g4 49. c3 g3 50. cxd4 Nf3+ 51. Ke2 g2 52. d5+ Kxd5 53. Bb6 g1Q 54. Bxg1 Nxg1+ 55. Kf2 Ke4 56. Kxg1 Kf3 57. Kf1 f5 0-1

[Event "GER-ch U16 Girls"]
[Site "Oberhof"]
[Date "2010.05.29"]
[Round "9"]
[White "Kostre, Margarita"]
[Black "Duessler, Stefanie"]
[Result "0-1"]
[WhiteElo "1779"]
[BlackElo "1828"]
[PlyCount "80"]
[EventDate "2010.05.22"]
[EventType "swiss"]
[EventRounds "9"]
[EventCountry "GER"]
[SourceTitle "CBM 136 Extra"]
[Source "ChessBase"]
[SourceDate "2010.07.02"]
[SourceVersion "2"]
[SourceVersionDate "2010.07.15"]
[SourceQuality "1"]

1. e4 e6 2. b3 d5 3. Bb2 d4 4. Nf3 c5 5. Bd3 Bd6 6. e5 Bc7 7. c3 dxc3 8. dxc3 Nc6 9. c4 Nge7 10. 0-0 Ng6 11. Bxg6 hxg6 12. Nbd2 b6 13. Ne4 Qxd1 14. Raxd1 Bb7 15. Nd6+ Bxd6 16. exd6 f6 17. Rfe1 Kf7 18. Rd2 Rad8 19. Red1 Rd7 20. Ne1 Rhd8 21. Nc2 e5 22. Ne3 Nd4 23. Kf1 Rxd6 24. f3 Ke6 25. Kf2 f5 26. Ba1 Rh8 27. h3 Ra8 28. Bb2 g5 29. Ba1 g6 30. Bb2 Bc6 31. Ba1 a5 32. Bc3 Rad8 33. Kf1 g4 34. hxg4 f4 35. Nd5 Bxd5 36. cxd5+ Rxd5 37. Kf2 g5 38. Kf1 Nc2 39. Kf2 Ne3 40. Rxd5 Nxd1+ 0-1

[Event "GER-chT U14 Girls "]
[Site "Neumuenster"]
[Date "2009.12.28"]
[Round "3"]
[White "Edel, Fenja"]
[Black "Kostre, Margarita"]
[Result "0-1"]
[WhiteElo "1511"]
[BlackElo "1737"]
[PlyCount "40"]
[EventDate "2009.12.27"]
[EventType "team-swiss"]
[EventRounds "7"]
[EventCountry "GER"]
[SourceTitle "EXT 2012"]
[Source "ChessBase"]
[SourceDate "2011.11.24"]
[SourceVersion "1"]
[SourceVersionDate "2011.11.24"]
[SourceQuality "1"]

1. e4 e5 2. Nc3 Nf6 3. Bc4 Nc6 4. d3 Bc5 5. f4 d6 6. Nf3 Ng4 7. Ng5 0-0 8. f5 Bf2+ 9. Kf1 Ne3+ 10. Bxe3 Bxe3 11. h4 Bxg5 12. hxg5 Qxg5 13. Nd5 Bd7 14. Nxc7 Qf4+ 15. Kg1 Rac8 16. Nd5 Qg5 17. Qf3 Nd4 18. Qh3 h6 19. f6 Bxh3 20. Ne7+ Kh8 0-1

[Event "GER-chT Lands U20"]
[Site "Dresden"]
[Date "2008.11.14"]
[Round "1.7"]
[White "Kostre, Margarita"]
[Black "Dorn, Carina"]
[Result "1-0"]
[WhiteElo "1631"]
[BlackElo "1785"]
[PlyCount "65"]
[EventDate "2008.11.14"]
[EventType "team-swiss"]
[EventRounds "7"]
[EventCountry "GER"]
[SourceTitle "EXT 2010"]
[Source "ChessBase"]
[SourceDate "2010.11.25"]
[SourceVersion "1"]
[SourceVersionDate "2010.11.25"]
[SourceQuality "1"]
[WhiteTeam "Berlin"]
[BlackTeam "Niedersachsen"]
[WhiteTeamCountry "GER"]
[BlackTeamCountry "GER"]

1. e4 e6 2. d4 d5 3. Nc3 Bb4 4. e5 Qd7 5. a3 Bxc3+ 6. bxc3 b6 7. Qg4 f5 8. Qg3 Ba6 9. Bxa6 Nxa6 10. Ne2 0-0-0 11. 0-0 Qf7 12. a4 Kb7 13. Ba3 h6 14. f4 Rh7 15. Rfb1 g6 16. a5 Nb8 17. c4 dxc4 18. Qf3+ Kc8 19. a6 Qe8 20. Qb7+ Kd7 21. Bd6 Rc8 22. Rxb6 Kd8 23. Qxa7 cxb6 24. Qxh7 Nd7 25. a7 Ra8 26. d5 Kc8 27. Nd4 exd5 28. e6 Ngf6 29. exd7+ Nxd7 30. Qe7 Qh8 31. Be5 Qd8 32. Qxd8+ Kxd8 33. Ne6+ 1-0

[Event "GER-ch U14 Girls"]
[Site "Willingen"]
[Date "2008.05.11"]
[Round "6"]
[White "Kostre, Margarita"]
[Black "Evers, Annika"]
[Result "1-0"]
[WhiteElo "1752"]
[BlackElo "1516"]
[PlyCount "99"]
[EventDate "2008.05.11"]
[EventType "swiss"]
[EventRounds "9"]
[EventCountry "GER"]
[SourceTitle "CBM 124 Extra"]
[Source "ChessBase"]
[SourceDate "2008.07.03"]
[SourceVersion "1"]
[SourceVersionDate "2008.07.03"]
[SourceQuality "1"]

1. e4 c5 2. Nf3 e6 3. c4 Nc6 4. d4 cxd4 5. Nxd4 Nf6 6. Nc3 Bb4 7. Nxc6 bxc6 8. e5 Ne4 9. Bd2 Nxd2 10. Qxd2 0-0 11. Bd3 f6 12. exf6 Qxf6 13. 0-0 d5 14. Qc2 g6 15. a3 Bd6 16. Ne2 e5 17. cxd5 cxd5 18. Qc6 Rb8 19. Qxd5+ Kh8 20. b4 Bb7 21. Qc4 Rbe8 22. Be4 Bc8 23. Nc3 Qg5 24. Rad1 Be7 25. Rd3 Qh4 26. Qc7 Bf6 27. Qxa7 Bg7 28. b5 Be6 29. Rg3 Bh6 30. Nd5 Qxe4 31. Nc7 Re7 32. Qc5 Rff7 33. b6 Qb7 34. Qxe5+ Bg7 35. Qc5 Bf5 36. Rd1 Be5 37. Rd8+ Kg7 38. Re3 Bxc7 39. Qc3+ Kh6 40. Rd4 g5 41. Rxe7 Rxe7 42. Rb4 Be5 43. Qc5 Bd6 44. Qxd6+ Kh5 45. Qd1+ Kh6 46. h4 Re6 47. Qd8 Qg7 48. Qxg5+ Qxg5 49. hxg5+ Kxg5 50. b7 1-0